Základné prejavy hospodárskeho vývoja vo svete Príloha Hospodárskych novín

Hospodársky vývoj vo svete v 3. štvrťroku 1995 a predpokladaný vývoj do konca r. 1995 a v r. 1996. Medzinárodné ekonomické ukazovatele: ceny, konkurenčnosť a bilancia platieb od r.1985 do novembra 1995.

Na minha lista:
Detalhes bibliográficos
Formato: Capítulo de Livro
Idioma:eslovaco
Assuntos:
Tags: Adicionar Tag
Sem tags, seja o primeiro a adicionar uma tag!

MARC

LEADER 00000naa a2200000 4500
001 r020107
005 20230801103446.4
041 0 |a slo 
044 |a SK 
245 1 0 |a Základné prejavy hospodárskeho vývoja vo svete  |b Príloha Hospodárskych novín 
520 |a Hospodársky vývoj vo svete v 3. štvrťroku 1995 a predpokladaný vývoj do konca r. 1995 a v r. 1996. Medzinárodné ekonomické ukazovatele: ceny, konkurenčnosť a bilancia platieb od r.1985 do novembra 1995. 
610 2 0 |a svet 
610 2 0 |a 1985-1996 
610 2 0 |a financie medzinárodné 
610 2 0 |a OECD 
610 2 0 |a ukazovatele ekonomické 
610 2 0 |a rast hospodársky 
610 2 0 |a ceny 
610 2 0 |a konkurencieschopnosť 
610 2 0 |a bilancia platobná 
610 2 0 |a produkt domáci hrubý